000 00870 a2200229 4500
999 _c2062
_d2062
020 _a9781446296554
020 _a9781446296561 (pbk)
050 0 0 _aLB1585 ROD 2014
100 1 _aRoden, Judith,
_eauthor.
245 1 0 _aPrimary science for trainee teachers /
_cJudith Roden and James Archer.
264 1 _aLos Angeles, CA :
_bSage,
_c2014.
300 _a247 pages :
_billustrations ;
500 _aIncludes index
504 _aIncludes bibliographical references and index.
650 0 _aScience
_xStudy and teaching (Elementary)
650 0 _aFirst year teachers
_xTraining of
650 0 _aActive learning
650 0 _aEffective teaching
700 1 _aArcher, James
_c(Lecturer in primary science education)
_eauthor.
942 _2lcc
_cBK
_h1585
_iROD
_kLB